000 00818nam a2200265 a 4500
001 vtls001800986
003 NLI
005 20210629045705.0
008 140215s1861 xx 000 0 eng
039 9 _y201402152248
_zVLOAD
040 _a NLI
_b eng
_c Entertech IMP - 2013
_e AACR2
041 1 _aeng
044 _axx
082 _a111
245 0 0 _aRerum britannicarum medii aevi scriptores :
_bor, chronicles and memorials of Great Britian and Ireland during the middle ages /
_cedited with a translation by B. Thorpe
260 _a[S.l. :
_bs.n.],
_c1861
300 _av. 1-2
500 _aThe Anglo-Saxon chronicle
700 1 _aThorpe, B.,
_4edt,
_4edt
_9864519
887 _a
901 _aIMP40719
902 _a111 12
949 _AVIRTUAITEM
_D10000
_X100
_6IMP000040719ENG
942 _2ddc
_cBKS
999 _c1237128
_d1237128